English Heritage interim guidance (Record no. 107334)
[ view plain ]
| 000 -LEADER | |
|---|---|
| fixed length control field | 01713cab a22002655a 4500 |
| 001 - CONTROL NUMBER | |
| control field | L139704 |
| 008 - FIXED-LENGTH DATA ELEMENTS--GENERAL INFORMATION | |
| fixed length control field | 070806s2007 xxk f 000 0 eng d |
| 035 ## - SYSTEM CONTROL NUMBER | |
| System control number | (Sirsi) u139704 |
| 041 0# - LANGUAGE CODE | |
| Language code of text/sound track or separate title | eng |
| 050 04 - LIBRARY OF CONGRESS CALL NUMBER | |
| Classification number | 696.9 $2 18 |
| 110 2# - MAIN ENTRY--CORPORATE NAME | |
| Corporate name or jurisdiction name as entry element | English Heritage |
| 9 (RLIN) | 2714 |
| 245 00 - TITLE STATEMENT | |
| Title | English Heritage interim guidance |
| Remainder of title | Home Information Packs |
| -- | understanding SAP ratings for historic and traditional homes |
| Medium | [electronic resource] |
| 260 ## - PUBLICATION, DISTRIBUTION, ETC. | |
| Place of publication, distribution, etc. | Swindon |
| Name of publisher, distributor, etc. | English Heritage |
| Date of publication, distribution, etc. | 2007 |
| 520 ## - SUMMARY, ETC. | |
| Summary, etc. | Interim guidance note aimed at assisting interpretation of Standard Assessment Procedure (SAP) ratings when applied to historic or traditional homes. These form part of the Energy Performance Certificate (EPC). SAP ratings are calculations, and metered readings should be preferred whenever possible. SAPs are required for new homes or homes sold and requiring a Home Information Pack (which include an EPC). Explains the SAP rating and banding system in use. Historic buildings are often outside of the assumptions made by SAP in terms of shape, materials and exact measurements. Feedback from public and Domestic Energy Assessors on the document is welcomed. |
| 590 ## - LOCAL NOTE (RLIN) | |
| Local note | KA |
| 650 24 - SUBJECT ADDED ENTRY--TOPICAL TERM | |
| Topical term or geographic name entry element | HOUSING ACT 2004 PART V |
| 650 24 - SUBJECT ADDED ENTRY--TOPICAL TERM | |
| Topical term or geographic name entry element | HOME INFORMATION PACKS |
| 650 24 - SUBJECT ADDED ENTRY--TOPICAL TERM | |
| Topical term or geographic name entry element | RESIDENTIAL ENERGY PERFORMANCE CERTIFICATES |
| 650 24 - SUBJECT ADDED ENTRY--TOPICAL TERM | |
| Topical term or geographic name entry element | GREEN BUILDINGS |
| 651 #4 - SUBJECT ADDED ENTRY--GEOGRAPHIC NAME | |
| Geographic name | United Kingdom |
| Chronological subdivision | |
| 690 ## - LOCAL SUBJECT ADDED ENTRY--TOPICAL TERM (OCLC, RLIN) | |
| Topical term or geographic name as entry element | PROPERTY-RESIDENTIAL PROPERTY-ACQUISITION AND DISPOSAL OF RESIDENTIAL PROPERTY-HOME BUYING REFORM |
| 690 ## - LOCAL SUBJECT ADDED ENTRY--TOPICAL TERM (OCLC, RLIN) | |
| Topical term or geographic name as entry element | ENVIRONMENTAL AND LAND CONSULTANCY-ENERGY-ENERGY USE-ENERGY EFFICIENCY |
| 856 40 - ELECTRONIC LOCATION AND ACCESS | |
| Uniform Resource Identifier | <a href="https://www.english-heritage.org.uk/server/show/nav.17655">https://www.english-heritage.org.uk/server/show/nav.17655</a> |
| Public note | View the item free of charge at www.english-heritage.org.uk... |
| 942 ## - ADDED ENTRY ELEMENTS (KOHA) | |
| Suppress in OPAC | 0 |
| Withdrawn status | Lost status | Source of classification or shelving scheme | Damaged status | Not for loan | Home library | Current library | Shelving location | Date acquired | Total Checkouts | Full call number | Barcode | Date last seen | Copy number | Price effective from | Koha item type |
|---|---|---|---|---|---|---|---|---|---|---|---|---|---|---|---|
| Dewey Decimal Classification | Virtual | Virtual | Online | 06/08/2007 | ONLINE PUBLICATION | 139704-1001 | 06/08/2019 | 1 | 06/08/2019 | Book |